00447nam a2200181Ia 4500008004100000041001200041082000800053082001100061100001800072100001100090245006200101260001100163260003600174260000900210300001500219650001600234650001500250150909s9999 xx 000 0 und d aEnglish a519 bLEP/CO aLepage W R  eAuthor aComplex variables and the laplace transform for engineers aBombay bTata - Mcgraw - Hill Publishing c1961 a475 Pages aIntegration aStatistics